00875nam a2200301Ia 4500001000700000003000500007008004100012010001100053020001800064040000900082082002100091100002700112245009300139250001400232260003200246300002000278503000800298650003500306650003900341700002700380901002100407902000600428910000900434942000600443942000700449999001900456952009800475Z_5585CHAP220113s2004 xx 000 0 und d a168679 a1-4051-1546-7 cCHAP a636.3089 E3 2004 aEales, Andrews9142959 aPractical lambing and lamb care : a veterinary guide /cby Andrews Eales and John Small a3 rd. ed. aOxford :bBlackwell,c2004 a247 p. : bilus ac/e aCorderosxEnfermedades9142960 aGanado lanarxEnfermedades 945173 aI. Small, John9142961 a636.3089 E3 2004 aA a2004 c1 cc1 c168679d168679 00102ddc40708GRALaZbZc1d2008-01-10pz_5448r2022-01-18 00:00:00t1w2022-01-18yLIBRO